|
|
|
|
| LEADER |
00000nam0a2200000 4500 |
| 001 |
26537 |
| 005 |
20231030201651.0 |
| 010 |
|
|
|a 5769110716
|
| 035 |
|
|
|a (RuTPU)RU\TPU\book\26781
|
| 035 |
|
|
|a BOOK00026856
|
| 090 |
|
|
|a 26537
|
| 100 |
|
|
|a 20011209d2000 k y0rusy50 ca
|
| 101 |
0 |
|
|a rus
|
| 102 |
|
|
|a RU
|
| 105 |
|
|
|a а z 001zy
|
| 200 |
1 |
|
|a Жизнь вулкана
|f А. И. Малышев
|g Уральское отделение РАН; Институт геологии и геохимии
|
| 210 |
|
|
|a Екатеринбург
|c [Б. и.]
|d 2000
|
| 215 |
|
|
|a 260 с.
|c ил.
|
| 610 |
1 |
|
|a геология
|
| 610 |
1 |
|
|a вулканизм
|
| 610 |
1 |
|
|a вулканы
|
| 610 |
1 |
|
|a вулкан Безымянный
|
| 610 |
1 |
|
|a извержения
|
| 610 |
1 |
|
|a динамические модели
|
| 610 |
1 |
|
|a прогноз
|
| 610 |
1 |
|
|a продукты извержения
|
| 610 |
1 |
|
|a Камчатка
|
| 675 |
|
|
|a 551.21
|v 3
|
| 700 |
|
1 |
|a Малышев
|b А. И.
|g Александр Иванович
|
| 712 |
0 |
2 |
|a Российская академия наук (РАН)
|b Уральское отделение (УрО)
|b Институт геологии и геохимии им. А. Н. Заварницкого (ИГГ)
|c (Екатеринбург)
|2 stltpush
|3 (RuTPU)RU\TPU\col\15323
|
| 801 |
|
0 |
|a RU
|b 63413507
|c 20011209
|g PSBO
|
| 801 |
|
2 |
|a RU
|b 63413507
|c 20100201
|g PSBO
|
| 942 |
|
|
|c BK
|